Statistics for Premier League yellow cards for English clubs

Click here to take the quiz!

General Stats

  • This quiz has been taken 15 times
  • The average score is 18 of 20

Answer Stats

Yellow cardsAnswer% Correct
1677Arsenal
100%
1485Aston Villa
100%
1731Chelsea
100%
1696Everton
100%
1377Liverpool
100%
1360Manchester City
100%
1604Manchester United
100%
1453Newcastle United
100%
1634Tottenham Hotspur
100%
1561West Ham United
100%
845Leeds United
93%
1230Southampton
93%
825Leicester City
86%
1111Blackburn Rovers
79%
713Crystal Palace
79%
838Fulham
79%
973Middlesbrough
79%
1095Sunderland
79%
766West Bromwich Albion
79%
845Bolton Wanderers
71%

Score Distribution

Percentile by Number Answered

Percent of People with Each Score

Your Score History

You have not taken this quiz